Globalización de la pobreza y nuevo orden mundial /

Compilación de ensayos y estudios acerca del impacto de globalización y el nuevo orden económico en países en desarrollo, tal como la violencia, corrupción, el armamentismo, la guerra, pobreza, destrucción ecológica. La obra ofrece una crítica de las direcciones por las que el mundo se está moviendo...

Descrizione completa

Salvato in:
Dettagli Bibliografici
Autore principale: Chossudovsky, Michel (autor)
Natura: Libro
Lingua:spagnolo
Pubblicazione: México : Siglo XXI, 2002, c2002
Serie:(El Mundo del Siglo XXI)
Soggetti:
Tags: Aggiungi Tag
Nessun Tag, puoi essere il primo ad aggiungerne!!

MARC

LEADER 00000nam^a2200000^a^4500
001 000141614
005 20250521000000.0
009 20260310095621.986
020 |a 968-23-2351-7 
037 |a Acervo ITESO - Biblioteca 
041 |a ESP 
082 |a 320. 9  |b CHO 
100 |a Chossudovsky, Michel  |e (autor) 
245 1 0 |a Globalización de la pobreza y nuevo orden mundial /  |c M. Chossudovsky ; tr. por Ana María Palos, Bertha Ruiz de la Concha. 
264 4 |a México :  |b Siglo XXI,  |c 2002, c2002 
300 |a 392 p. 
336 |a texto  |b txt  |2 rdacontenido 
337 |a sin mediación  |b n  |2 rdamedio 
338 |a volumen  |b nc  |2 rdasoporte 
440 4 |a (El Mundo del Siglo XXI) 
500 |a Traducción de: The Globalization of Poverty. Impacts of IMF and World Bank Reforms 
520 |a Compilación de ensayos y estudios acerca del impacto de globalización y el nuevo orden económico en países en desarrollo, tal como la violencia, corrupción, el armamentismo, la guerra, pobreza, destrucción ecológica. La obra ofrece una crítica de las direcciones por las que el mundo se está moviendo en lo económico y financiero. 
610 |a Fondo Monetario Internacional 
610 |a Banco Mundial 
649 |a XX 
650 |a Globalización 
650 |a Nuevo Orden Mundial 
650 |a Violencia 
650 |a Guerra y Paz 
650 |a Pobreza 
650 |a Impacto Ambiental 
650 |a Feminismo 
650 |a Problemas Sociales 
650 |a Países Subdesarrollados 
650 |a Economía Internacional 
650 |a Organizaciones Internacionales 
650 |a Política Internacional 
650 |a Economía Internacional 
650 |a Neoliberalismo 
650 |a Macroeconomía -  |z Africa 
650 |a Macroeconomía -  |z Latinoamérica 
650 |a Macroeconomía -  |z Asia 
650 |a Macroeconomía -  |z Rusia 
910 |a Fondo General 
920 |a Impresos - Libros 
930 |a Colección General 
905 |a 101 
901 |a 0500070331  |b IT1  |c ACC  |u 20250521 
902 |a https://opac.biblio.iteso.mx/vufind/Record/000141614